000 00653nam a22001577a 4500
003 OSt
005 20150915161411.0
008 150915b xxu||||| |||| 00| 0 eng d
040 _cRUA
082 _aAGR HOR 2003 B029 Or.1
100 _9540
_aHOR SARANA
245 _aPlanting Method of dry season mungbeaan on rainfed lowland environment,(វិធីសាស្រ្តដំាដុះសណ្ដែកបាយនៅរដូវប្រាំងក្នុងបរិស្ថានតំបន់ទនាបអាស្រ័យទឹកភ្លៀង)
260 _aphnom penh
_bRUA
_c2003
300 _a45p.
_cill.
_g29cm.
942 _2ddc
_cAGR
999 _c519
_d519